Оборона тупика: фантастический роман

Bibliographic Details
Main Author: Жуков М. Максим
Summary:Грандиозный по масштабу заговор Советников увенчался успехом! Еще недавно Россия неудержимо катилась в пропасть, заботливо подталкиваемая своими многочисленными недругами, а сейчас — воспряла и обрела невиданную мощь. Еще недавно надменная Европа брезгливо чуралась своего восточного соседа, а теперь, измученная экономическими и климатическими катаклизмами, зависит от него всецело. Но не судьба Советникам почивать на лаврах — им предстоит новая битва. Самая страшная битва — с неизвестным противником, который не делает различия между странами и народами. Его цель — уничтожение всей земной цивилизации, а людям уготована судьба динозавров...
Language:Russian
Published: Москва, Эксмо, 2006
Series:Абсолютное оружие
Subjects:
Format: Book
KOHA link:https://koha.lib.tpu.ru/cgi-bin/koha/opac-detail.pl?biblionumber=88209

MARC

LEADER 00000nam0a2200000 4500
001 88209
005 20231031102539.0
010 |a 5699178090 
035 |a (RuTPU)RU\TPU\book\94689 
090 |a 88209 
100 |a 20051222d2006 m y0rusy50 ca 
101 0 |a rus 
102 |a RU 
105 |a y z 000ay 
200 1 |a Оборона тупика  |e фантастический роман  |f М. Жуков 
210 |a Москва  |c Эксмо  |d 2006 
215 |a 477 с. 
225 1 |a Абсолютное оружие 
330 |a Грандиозный по масштабу заговор Советников увенчался успехом! Еще недавно Россия неудержимо катилась в пропасть, заботливо подталкиваемая своими многочисленными недругами, а сейчас — воспряла и обрела невиданную мощь. Еще недавно надменная Европа брезгливо чуралась своего восточного соседа, а теперь, измученная экономическими и климатическими катаклизмами, зависит от него всецело. Но не судьба Советникам почивать на лаврах — им предстоит новая битва. Самая страшная битва — с неизвестным противником, который не делает различия между странами и народами. Его цель — уничтожение всей земной цивилизации, а людям уготована судьба динозавров... 
610 1 |a русская литература 
610 1 |a романы 
610 1 |a боевики 
610 1 |a фантастика 
675 |a Р2  |v 3 
700 1 |a Жуков  |b М.  |g Максим 
801 1 |a RU  |b 63413507  |c 20051222  |g PSBO 
801 2 |a RU  |b 63413507  |c 20061113  |g PSBO 
942 |c BK